France 2021 - Taux de réussite au bac par région - Statistiques

Statistiques générales
  • Ce quiz a été pris 51 fois
  • Le résultat moyen est 2 sur 18
Statistiques - réponses
Hint Réponse % Correct
Mayotte 77 %
64%
Guyane 84 %
24%
Réunion 92,50 %
24%
Bourgogne-Franche-Comté 94,10 %
15%
Bretagne 96,40 %
15%
Ile-de-France 93 %
9%
Auvergne-Rhône-Alpes 94,2 %
9%
Corse 96 %
9%
Hauts-de-France 92,60 %
6%
Provence-Alpes-Côte-d'Azur 93,90 %
6%
Centre-Val-de-Loire 94,11 %
6%
Pays-de-la-Loire 95,40 %
6%
Grand Est 93,10 %
3%
Normandie 93,70 %
3%
Guadeloupe 93,80 %
3%
Martinique 93,11 %
0%
Occitanie 94,40 %
0%
Nouvelle-Aquitaine 94,60 %
0%
Aucun quiz correspondant
Distribution des résultats
% des personnes avec chaque résultat
Percentile par nombre de réponses
Votre historique - résultats
Vous n’avez pas pris ce quiz